000
00227 a2200097 4500
001
55566
100
_a
245
_a
Self hypnotism [urdu version]
260
_a
Lahore
_b
Qaumi Kutab Khana
_c
2006
090
_c
34498
_d
34498
942
_a
NUST-CAE
_c
MONOGRAPH
_c
27222
999
_c
290639
_d
290639